Cơ sở công nghệ tế bào động vật và ứng dụng : Biên soạn theo chương trình khung đã được Bộ Giáo dục và đào tạo phê duyệt
Sách cung cấp những kiến thức cơ bản, hiện đại và cập nhật về các công nghệ nuôi cấy và nghiên cứu tế bào động vật, đồng thời cung cấp cơ sở khoa học của một số ứng dụng công nghệ tế bào động vật trong điều trị bệnh cho con ngư...
Đã lưu trong:
| 主要作者: | |
|---|---|
| 格式: | 圖書 |
| 語言: | Undetermined |
| 出版: |
Hà Nội
Giáo dục Việt Nam
2010
|
| 主題: | |
| 標簽: |
添加標簽
沒有標簽, 成為第一個標記此記錄!
|
| Thư viện lưu trữ: | Trung tâm Học liệu Trường Đại học Cần Thơ |
|---|
| LEADER | 01203nam a2200241Ia 4500 | ||
|---|---|---|---|
| 001 | CTU_158575 | ||
| 008 | 210402s9999 xx 000 0 und d | ||
| 020 | |c 24000 | ||
| 082 | |a 660.6 | ||
| 082 | |b Th107 | ||
| 100 | |a Khuất, Hữu Thanh | ||
| 245 | 0 | |a Cơ sở công nghệ tế bào động vật và ứng dụng : | |
| 245 | 0 | |b Biên soạn theo chương trình khung đã được Bộ Giáo dục và đào tạo phê duyệt | |
| 245 | 0 | |c Khuất Hứu Thanh | |
| 260 | |a Hà Nội | ||
| 260 | |b Giáo dục Việt Nam | ||
| 260 | |c 2010 | ||
| 520 | |a Sách cung cấp những kiến thức cơ bản, hiện đại và cập nhật về các công nghệ nuôi cấy và nghiên cứu tế bào động vật, đồng thời cung cấp cơ sở khoa học của một số ứng dụng công nghệ tế bào động vật trong điều trị bệnh cho con người. | ||
| 526 | |a Công nghệ Gen và tế bào | ||
| 526 | |b SP550 | ||
| 650 | |a Animal cell biotechnology | ||
| 904 | |i Bạch Trúc | ||
| 980 | |a Trung tâm Học liệu Trường Đại học Cần Thơ | ||